00267nam a2200121Ia 4500008004100000100000900041245002400050260002900074300000800103650001000111942000700121999001700128190216s9999||||xx |||||||||||||| ||und|| aNull 0aHindi-Vyangay Potli bMac Millian And Com. Ltd a144 aHindi cBK c16066d16066